| 000 | 00918nam a22002177a 4500 | ||
|---|---|---|---|
| 999 |
_c13748 _d13748 |
||
| 003 | AR-CdUCM | ||
| 008 | 190416b ||||| |||| 00| 0 spa d | ||
| 040 |
_aMUNICIPALIDAD PROVINCIAL DEL CUSCO _cBIBLIOTECA MUNICIPAL DEL CUSCO |
||
| 082 |
_a370.82 / _bF66 |
||
| 100 |
_aFlorian, Mario _914609 |
||
| 245 |
_aBiblioteca Básica Peruana : _bPueblo Ticuna. La Comunidad Indígena Ticuna y la Labor del Ministerio de Educación / |
||
| 260 |
_aLima : _bOffset Reprográfica ; _c1961. |
||
| 300 |
_a62páginas ; _c24cm |
||
| 440 |
_aColección El Esfuerzo de los Peruanos _932276 |
||
| 505 | _aContenido: Camino de Damasco -- La tierra, base del bienestar humano -- Pueblo nuevo en un Perú nuevo -- Población urbana -- Economía y educación agrícola... | ||
| 650 |
_aTicuna _932277 |
||
| 650 |
_aPerú _935 |
||
| 710 |
_aMinisterio de Educación Pública _96342 |
||
| 942 |
_2ddc _cLIBROS |
||
| 945 |
_anom _d2019-04-16 |
||